| 000 | 00580nam a2200169 4500 | ||
|---|---|---|---|
| 001 | 138732 | ||
| 003 | ES-MaACL | ||
| 005 | 20230906195626.0 | ||
| 007 | t| | ||
| 008 | 070214q1958 sp r ||||1| spa d | ||
| 100 | 1 |
_aSanz Jiménez, León. _9103652 |
|
| 245 | 1 | 0 |
_aHistoria de la literatura universal _b: con especial dedicación a las literaturas hispánicas / _cLeón Sanz Jiménez, Elena Villamana. |
| 260 |
_aMálaga : _b[s.n.], _c[1958?] ( _fTip. La Española) |
||
| 300 |
_a319 p. ; _c21 cm. |
||
| 700 | 1 |
_aVillamana, Elena. _9114991 |
|
| 852 |
_aES-MaACL _jD-5951 _bR.40297 |
||
| 999 |
_c138732 _d138732 |
||